| 000 | 00466cam a2200181ua 4500 | ||
|---|---|---|---|
| 020 | _c1082.00 | ||
| 041 |
_aeng _h |
||
| 082 |
_a630.51 _bHOS/ST |
||
| 100 | _aHoshmand, Reza.A . | ||
| 245 |
_aStatistical methods for Agricultural science / _cA.Reza Hoshmand. _hTextual Documents |
||
| 260 |
_a : _bTimber Press , _c1988. |
||
| 300 |
_a405 : _b` ; . |
||
| 365 | _a1082.00 | ||
| 504 | _a | ||
| 942 | _cBK | ||
| 999 |
_c1748 _d1748 |
||